Normal view
MARC view
- Prayer--Judaism
Entry Topical Term
001 - CONTROL NUMBER
- control field: 7897
003 - CONTROL NUMBER IDENTIFIER
- control field: NUST
005 - DATE AND TIME OF LATEST TRANSACTION
- control field: 20180101123442.0
008 - FIXED-LENGTH DATA ELEMENTS
- fixed length control field: 180101|| aca||aabn | a|a d
040 ## - CATALOGING SOURCE
- Original cataloging agency: NUST
- Transcribing agency: NUST
150 ## - HEADING--TOPICAL TERM
- Topical term or geographic name entry element: Prayer--Judaism
670 ## - SOURCE DATA FOUND
- Source citation: Work cat.: (NUST): Chaim Stern, et al., eds 7895, On the doorposts of your house:, 1994
